Figuras de Linguagem - Statistics

Estatísticas Gerais
  • Esse quiz foi jogado 97 vezes
  • A pontuação média é 12 de 29
Estatísticas das Respostas
Resposta % Correto
Hipérbole
80%
Ironia
68%
Eufemismo
61%
Prosopopeia ou Personificação
61%
Antítese
57%
Onomatopeia
55%
Elipse
54%
Metonímia
52%
Pleonasmo
52%
Metáfora
50%
Símile ou Comparação
50%
Paradoxo ou Oxímoro
48%
Zeugma
45%
Aliteração
41%
Hipérbato
39%
Sinestesia
39%
Assíndeto
36%
Catacrese
36%
Gradação
34%
Anáfora
30%
Assonância
29%
Polissíndeto
29%
Cacofonia
21%
Silepse
20%
Antonomásia
18%
Anacoluto
16%
Apóstrofe
16%
Perífrase
16%
Anástrofe
11%
Nenhum quiz correspondente encontrado
Distribuição das Pontuações
Porcentagem de Pessoas com Cada Pontuação
Percentil de Números Respondidos
Sua Pontuação Histórica
Você não jogou esse quiz